[Event "Utrecht OKU op-B 45th"]
[Site "Utrecht"]
[Date "2018.06.02"]
[Round "3"]
[White "Wallace, Mitchel"]
[Black "Van Orsouw, Theo"]
[Result "1-0"]
[WhiteElo "1731"]
[BlackElo "1827"]
[PlyCount "57"]
[EventDate "2018.06.01"]
[EventType "swiss"]
[EventRounds "6"]
[EventCountry "NED"]
[SourceTitle "EXT 2019"]
[Source "ChessBase"]
[SourceDate "2018.10.10"]
[SourceVersion "1"]
[SourceVersionDate "2018.10.10"]
[SourceQuality "1"]

1. e4 c5 2. c3 e6 3. Nf3 Nc6 4. d4 d5 5. exd5 Qxd5 6. Na3 Nf6 7. Be2 Be7 8. 0-0 0-0 9. Nc2 cxd4 10. Ncxd4 Nxd4 11. Nxd4 e5 12. Nf3 Bg4 13. Nxe5 Qxe5 14. Bxg4 Bd6 15. g3 Rad8 16. Qf3 Nxg4 17. Qxg4 Rfe8 18. Bg5 f6 19. Bh6 f5 20. Qc4+ Kh8 21. Bg5 Rc8 22. Qa4 Qe2 23. Rfe1 Qxe1+ 24. Rxe1 Rxe1+ 25. Kg2 Bc5 26. Qd7 Rce8 27. Be3 R1xe3 28. fxe3 Rf8 29. Qxb7 1-0

[Event "Leiden op-A 10th"]
[Site "Leiden"]
[Date "2016.07.23"]
[Round "8"]
[White "Van Diermen, Arie"]
[Black "Van Orsouw, Theo"]
[Result "1-0"]
[WhiteElo "1948"]
[BlackElo "1966"]
[PlyCount "105"]
[EventDate "2016.07.15"]
[EventType "swiss"]
[EventRounds "9"]
[EventCountry "NED"]
[SourceTitle "CBM 173 Extra"]
[Source "ChessBase"]
[SourceDate "2016.08.29"]
[SourceVersion "1"]
[SourceVersionDate "2016.08.29"]
[SourceQuality "1"]

1. e4 e5 2. Nf3 Nc6 3. Bc4 Bc5 4. 0-0 d6 5. c3 Bg4 6. d3 Nf6 7. Be3 Bb6 8. Re1 0-0 9. Nbd2 h6 10. Bb3 Qd7 11. Nf1 Nd8 12. Ng3 Be6 13. Nh4 Ng4 14. Bxb6 axb6 15. Nhf5 Nf6 16. Qf3 Bxb3 17. axb3 Rxa1 18. Rxa1 Qe6 19. h3 Nc6 20. b4 Kh7 21. Qe3 Ng8 22. b5 Nce7 23. Ra7 Rb8 24. c4 g6 25. Nxe7 Nxe7 26. f4 exf4 27. Qxf4 Kg7 28. Ne2 f6 29. Nd4 Qe5 30. Qxe5 dxe5 31. Ne6+ Kf7 32. Nxc7 Nc8 33. Ra8 Rxa8 34. Nxa8 Ke6 35. Nc7+ Kd6 36. Nd5 Kc5 37. Kf2 Kd4 38. Ke2 f5 39. Nb4 Kc5 40. Nc2 f4 41. b4+ Kd6 42. Kf3 h5 43. h4 Ke6 44. g3 fxg3 45. Kxg3 Kf6 46. Ne3 g5 47. c5 gxh4+ 48. Kxh4 Ke6 49. Nc4 Na7 50. Nd6 bxc5 51. bxc5 Kd7 52. Kxh5 Kc7 53. b6+ 1-0

[Event "Delft Prinsenstad op-B"]
[Site "Delft"]
[Date "2015.04.05"]
[Round "5"]
[White "Van Orsouw, Theo"]
[Black "Welling, Wouter"]
[Result "1-0"]
[WhiteElo "1845"]
[BlackElo "1926"]
[PlyCount "77"]
[EventDate "2015.04.03"]
[EventType "swiss"]
[EventRounds "6"]
[EventCountry "NED"]
[SourceTitle "EXT 2018"]
[Source "ChessBase"]
[SourceDate "2017.10.13"]
[SourceVersion "1"]
[SourceVersionDate "2017.10.13"]
[SourceQuality "1"]

1. d4 Nf6 2. c4 c5 3. d5 b5 4. cxb5 a6 5. b6 Qxb6 6. Nc3 d6 7. e4 g6 8. a4 Bg7 9. a5 Qc7 10. f4 0-0 11. Bc4 e6 12. Nf3 exd5 13. Nxd5 Nxd5 14. Bxd5 Nc6 15. 0-0 Rb8 16. f5 Nb4 17. Bf4 Bxb2 18. fxg6 hxg6 19. Bxd6 Bd4+ 20. Nxd4 Qxd6 21. Nc6 Kg7 22. Nxb8 Qxb8 23. Qd2 Qe5 24. Rac1 Nxd5 25. Qxd5 Qd4+ 26. Qxd4+ cxd4 27. Rfd1 Rd8 28. Rc4 d3 29. Rc3 Bb7 30. Rcxd3 Rxd3 31. Rxd3 Bxe4 32. Rd6 Bb7 33. Rb6 Bc8 34. Kf2 Kh6 35. Ke3 Kg5 36. Ke4 Bf5+ 37. Kd4 Bc8 38. Ke5 f5 39. g3 1-0

[Event "Delft Prinsenstad op-B 6th"]
[Site "Delft"]
[Date "2013.03.30"]
[Round "3"]
[White "Van Orsouw, Theo"]
[Black "Den Hartog, Marijn"]
[Result "0-1"]
[WhiteElo "1847"]
[BlackElo "1882"]
[PlyCount "61"]
[EventDate "2013.03.29"]
[EventType "swiss"]
[EventRounds "6"]
[EventCountry "NED"]
[SourceTitle "EXT 2018"]
[Source "ChessBase"]
[SourceDate "2017.10.13"]
[SourceVersion "1"]
[SourceVersionDate "2017.10.13"]
[SourceQuality "1"]

1. e4 e6 2. d4 d5 3. Nc3 Nf6 4. Bg5 dxe4 5. Nxe4 Nbd7 6. Nf3 Be7 7. Nxf6+ Nxf6 8. Bc4 0-0 9. Qe2 a6 10. 0-0-0 b5 11. Bd3 Bb7 12. h4 h6 13. Ne5 Qd5 14. Kb1 Rfc8 15. f3 Qd8 16. g4 Nd5 17. Bd2 Bxh4 18. Ka1 Ra7 19. Rh3 Bg5 20. Nxf7 Kxf7 21. f4 Nxf4 22. Rf1 Qf6 23. Qh2 Bg2 24. Rhf3 Bxf3 25. Rxf3 Kg8 26. Qf2 Rf8 27. Qf1 c6 28. Bc3 Raf7 29. d5 Qd8 30. Bb4 Be7 31. a3 0-1